Statystyki dla Jakiego rapera to piosenka

Kliknij tutaj aby rozwiązać quiz!

Ogólne statystyki

  • Ten quiz został rozwiązany 220 razy
  • Średni wynik to 12 z 26

Statystyki odpowiedzi

HintOdpowiedź% Poprawnych
VogueBedoes
93%
KinolSobel
84%
MinotaurReto
78%
C'est la vieQuebonafide
70%
BlokMata
68%
Witam cię 2k16Białas
67%
DriftemKizo
63%
LegendaWhite 2115
58%
MeowBeteo
57%
Furia47Oki
57%
WCHJKinny Zimmer
56%
Jedno ŻycieBlacha
52%
Rick and MortySzpaku
44%
Palenie zabijaChivas
43%
BrejdakiKacperczyk
43%
LizzyMalik Montana
40%
KoreaŻabson
39%
NIU NIUWac Toja
38%
60-tkaBonus RPK
36%
RatujSmolasty
34%
TorbyYoung igi
32%
Nie pomogęJan rapowanie
26%
TydzieńOtsochodzi
24%
Znałem TypaKaz Bałagane
17%
LifestyleKubi Producent
15%
Glow upKubańczyk
13%

Rozkład punktacji

Percentyl według liczby udzielonych odpowiedzi

Procent ludzi z każdym wynikiem

Twoja historia wyników

Nie rozwiązałeś tego quizu